[Event "Mallorca School Castell D'Alaro op"]
[Site "Mallorca"]
[Date "2016.03.31"]
[Round "5.4"]
[White "Cisneros, Javier"]
[Black "Lopez, Xisco"]
[Result "1-0"]
[WhiteElo "1569"]
[BlackElo "1448"]
[PlyCount "61"]
[EventDate "2016.03.30"]
[EventType "swiss"]
[EventRounds "6"]
[EventCountry "ESP"]
[SourceTitle "EXT 2024"]
[Source "ChessBase"]
[SourceDate "2023.10.10"]
[SourceVersion "1"]
[SourceVersionDate "2023.10.10"]
[SourceQuality "1"]

1. e4 d6 2. d4 Nf6 3. Nc3 g6 4. f4 Bg7 5. Nf3 0-0 6. Bd3 c5 7. Be3 Ng4 8. Bg1 cxd4 9. Bxd4 Re8 10. h3 Bxd4 11. Nxd4 Nf6 12. Qf3 e5 13. fxe5 dxe5 14. Nde2 Nc6 15. 0-0-0 Qe7 16. Bc4 Be6 17. Bxe6 Qxe6 18. Nd5 Nxd5 19. exd5 Qd6 20. dxc6 Qxc6 21. Qxc6 bxc6 22. Rd7 Red8 23. Rhd1 Rxd7 24. Rxd7 a5 25. Rc7 Kg7 26. Rxc6 Ra7 27. Kd2 h5 28. h4 f5 29. g3 Rb7 30. Kc3 Kf7 31. Rc5 1-0